Jacob van Artevelde, (Record no. 3552)

MARC details
000 -LEADER
fixed length control field 00681cam a22002291 4500
001 - CONTROL NUMBER
control field af 47006449
003 - CONTROL NUMBER IDENTIFIER
control field DLC
005 - DATE AND TIME OF LATEST TRANSACTION
control field 20260227110837.0
008 - FIXED-LENGTH DATA ELEMENTS--GENERAL INFORMATION
fixed length control field 890622s1943 be b 000 0 dut c
010 ## - LIBRARY OF CONGRESS CONTROL NUMBER
LC control number af 47006449
035 ## - SYSTEM CONTROL NUMBER
System control number (OCoLC)19914708
040 ## - CATALOGING SOURCE
Original cataloging agency Chicago. Univ. Library
Transcribing agency CU
Modifying agency CU
-- DLC
042 ## - AUTHENTICATION CODE
Authentication code premarc
050 00 - LIBRARY OF CONGRESS CALL NUMBER
Classification number PT6458.V44
Item number Z94
082 ## - DEWEY DECIMAL CLASSIFICATION NUMBER
Classification number 839.3225
100 1# - MAIN ENTRY--PERSONAL NAME
Personal name Verheecke, Marcel.
245 00 - TITLE STATEMENT
Title Jacob van Artevelde,
Statement of responsibility, etc. het dramatisch meesterwerk van Cyriel Verschaeve.
260 ## - PUBLICATION, DISTRIBUTION, ETC.
Place of publication, distribution, etc. Brugge,
Name of publisher, distributor, etc. "Zeemeeuw,"
Date of publication, distribution, etc. 1943.
300 ## - PHYSICAL DESCRIPTION
Extent 121 p.
Dimensions 20 cm.
504 ## - BIBLIOGRAPHY, ETC. NOTE
Bibliography, etc. note Bibliographical footnotes.
600 10 - SUBJECT ADDED ENTRY--PERSONAL NAME
Personal name Verschaeve, Cyriel,
Dates associated with a name 1874-1949.
Title of a work Jacob van Artevelde.

No items available.

Powered by Koha